02456nam a2200313uu 4500001000800000005001700008007001000025008004100035035001200076040001300088041000800101080000700109100005000116245016800166260005500334300001700389520137500406650003301781650002801814650002401842650003701866700004801903700008001951856005902031942001302090999001902103502001202122526000802134143360420240605145642.0cr|||||||160217s2015 spa  a1433604 ccomduadb aspa aB/10aMaya Zapata, Cleidy Tatiana4auteaut972551713aLa autonomía docente en el marco de la gestión técnico instrumental del sistema educativo en las instituciones educativas del municipio de Zaragoza Antioquia aCaucasia (Antioquia, Colombia) :bAutor(a),c2015. a96 páginas3 aLa presente investigación tiene como objetivo analizar la incidencia que tiene la inserción del Modelo de Gestión Técnico Instrumental del Sistema Educativo, en el desarrollo de la autonomía docente en los procesos de enseñanza, a través de un estudio enmarcado en el paradigma de la investigación cualitativa con diseño hermenéutico, teniendo en cuenta la mirada critico social que desde esta postura epistemológica se le da a algunos aspectos como la naturaleza del conocimiento, la realidad, las relaciones entre el investigador y el conocimiento que genera y el modo en que construye o desarrolla conocimiento el investigador. Se plantea además un marco referencial que da cuenta de las transformaciones que han desencadenado la modernidad y el proceso de globalización como periodos críticos en la educación con la inserción desproporcionada de una serie de discursos técnico instrumentales que han desdibujado el sentido humanizador, social, democrático y participativo que desde sus inicios tuvo la escuela, logrando con ello transformar la visión pedagógica y formativa de aspectos claves como la evaluación, el currículo y el rol del maestro, convirtiendo este último en un técnico reproductor de programas y estrategias pensadas y planificadas por entes externos a su realidad y contexto inmediato 7aGlobalización2lemb915458 aSistema educativo99304 7aCurrículo292751 aAutonomía del profesor913273010aVargas Córdoba, Néstor Daniel4thseths 0aPalacio Baena, Ángela InéscMagíster en Educación4thseths92540904 uhttp://bibliotecadigital.udea.edu.co/handle/10495/6471 cTESISn0 c735138d735138 b153c15 a155